Alphabet grec ancien - nom des lettres - Statistiques

Statistiques générales
  • Ce quiz a été pris 348 fois
  • Le résultat moyen est 18 sur 24
Statistiques - réponses
Par images Réponse % Correct
alpha
94%
pi
91%
bêta
90%
delta
89%
oméga
89%
mu
85%
epsilon
81%
zeta | dzeta
81%
lambda
78%
phi
78%
sigma
77%
nu
75%
rhô
75%
gamma
74%
iota
73%
kappa
71%
omikron
69%
tau
65%
thêta
65%
psi
64%
êta
59%
chi | khi
55%
upsilon
55%
xi | ksi
48%
Aucun quiz correspondant
Distribution des résultats
% des personnes avec chaque résultat
Percentile par nombre de réponses
Votre historique - résultats
Vous n’avez pas pris ce quiz